Pokémon de la huitième génération - Mort subite - Statistiques

Statistiques générales
  • Ce quiz a été pris 68 fois
  • Le résultat moyen est 7 sur 15
Answers on the Grid
Answers color-coded by a green-red scale on the quiz's grid according to % correct below.
Rongrigou
Pomdramour
Ursaring
Zigzaton de Galar
Amovénus
Poltchageist
Ronflex Gigamax
Torgamord
Galopa
Moumouton
Cotovol
Frissonille
Melmetal
Fragilady
Nigosier
Pachyradjah
Triopikeur d'Alola
Éthernatos
Lianaja
Sorcilence Gigamax
Caninos de Hisui
Type:0
Gueriaigle
Regidrago
Hexadron
Insécateur
Deusolourdo
Galvagla
Toutombe
Arceus
 
Statistiques - réponses
Réponse % Correct
Rongrigou
89%
Zigzaton de Galar
54%
Éthernatos
51%
Sorcilence Gigamax
51%
Amovénus
49%
Caninos de Hisui
49%
Ronflex Gigamax
49%
Galvagla
46%
Moumouton
46%
Nigosier
46%
Pachyradjah
46%
Regidrago
46%
Frissonille
40%
Torgamord
40%
Hexadron
37%
Aucun quiz correspondant
Distribution des résultats
% des personnes avec chaque résultat
Percentile par nombre de réponses
Votre historique - résultats
Vous n’avez pas pris ce quiz